000 00686nam a22002177a 4500
999 _c18813
_d18813
003 AR-CdUCM
008 190515b ||||| |||| 00| 0 spa d
040 _aMUNICIPALIDAD PROVINCIAL DEL CUSCO
_cBIBLIOTECA MUNICIPAL DEL CUSCO
082 _a869.56 /
_bD352
100 _aDelgado, Jaime
_918258
245 _aDe amar y andar /
260 _aMadrid :
_bCultura hispánica,
_c1977.
300 _a420 páginas ;
_c22 cm.
440 _aColección plural
_939643
505 _aContenido: De Cataluña -- De baleares -- De Albacete -- De Valladolid...
650 _aEspaña
_9176
650 _aNeruda
_925027
650 _aPoemas
_9929
942 _2ddc
_cLIBROS
945 _adavv
_d2019-05-15